000 00636nam a2200193 i 4500
001 71589
003 ES-MaACL
005 20230906171153.0
007 t|
008 040813s1951 sp |||| | spa d
100 1 _aGeorg, J. E.
_956375
245 1 0 _aAgenesia y fecundidad en el matrimonio
_b: el control /
_cJ.E. Georg ; traducción (revisada por el autor) por José Zahonero Vivó.
250 _a2ª ed. ampl.
260 _aAlcoy :
_bMarfil,
_c1951 (
_eValencia :
_fTip. Moderna)
300 _a222 p. ;
_c21 cm.
650 _aControl de natalidad.
_911338
700 1 _aZahonero Vivó, José.
_9117851
852 _aES-MaACL
_jD-5392
999 _c71589
_d71589